000 00751cam a2200241 i 4500
999 _c232512
_d232512
001 803844
003 Nust
005 20170220124027.0
008 750407s1974 nyu 000 0aeng
010 _a 75308405
020 _c 978-0312965785
020 _a 0312965788
040 _aDLC
_cDLC
_dDLC
043 _ae-uk-en
050 0 0 _aSF613.H44
_bA283 1974b
082 0 0 _a636.0890924
_bHER
100 1 _aHerriot, James.
245 1 0 _aAll things bright and beautiful /
_cJames Herriot.
260 _aNew York :
_bSt. Martin's Press,
_cc1974.
300 _a488 p. ;
_c22 cm.
600 1 0 _aHerriot, James.
650 0 _aVeterinarians
_zEngland
_zYorkshire
_xBiography.
906 _a7
_bcbc
_corignew
_d2
_encip
_f19
_gy-gencatlg
942 _2ddc
_cBK